Disney charcters Quiz Stats

 Plays Quiz not verified by Sporcle

Challenge
Share
Tweet
Embed
Score 0/8 Timer 07:00
0 Plays Today
name of film charcters % Correct
monsters incmike
96%
finding nemomarlin
78.2%
pinocchiogeppetto
49.5%
mary poppinsbert
42.1%
sleeping beautypink and blue
25.7%
bedknobs and broomstickswitch
16.3%
journey to nattyganwolf
5%
cinderella drizellla and anistasia
1.5%

You're not logged in!

Compare scores with friends on all Sporcle quizzes.
Join for Free
OR
Log In

You Might Also Like...

Show Comments

Extras

Created May 8, 2010ReportNominate
Tags:Disney Quiz, character

Top Quizzes Today


Score Distribution

Your Account Isn't Verified!

In order to create a playlist on Sporcle, you need to verify the email address you used during registration. Go to your Sporcle Settings to finish the process.

Report this User

Report this user for behavior that violates our Community Guidelines.

Details: